Kiso shakai /

Saved in:
Bibliographic Details
Main Author: Okada, Yuzuru.
Format: Book
Language:Japanese
Published: [Tōkyō] : Kōbundō, [Shōwa 24 i.e. 1949]
Subjects:
Tags: Add Tag
No Tags, Be the first to tag this record!
LEADER 00639cam a2200217I 4500
001 007724096-0
005 20020606104010.5
008 780501s1949 ja bj b 000 0 jpn
010 |a  73817212  
035 0 |a ocm03850903 
040 |a DLC  |c OSU  |d OSU  |d OCL  |d YNH 
050 |a HQ728  |b .O38 
100 1 |a Okada, Yuzuru. 
245 1 0 |a Kiso shakai /  |c Okada Yuzuru cho. 
260 |a [Tōkyō] :  |b Kōbundō,  |c [Shōwa 24 i.e. 1949] 
300 |a 3, 1, 185 p. :  |b geneal. table, maps ;  |c 22 cm. 
504 |a Includes bibliographical references. 
650 0 |a Families  |x Case studies. 
650 0 |a Kinship  |x Case studies. 
988 |a 20020608 
906 |0 DLC